000 00960nam a22002777a 4500
003 DO-SdBNP
005 20220519122553.0
008 161031b 1980 sp 00| 0 spa d
020 _a8425505445
040 _aBPMSU
_bspa
_cBPMSU
082 _axxxx
_bP945t
100 1 _aDoise, Willem
240 1 _aPsychologie sociale expériementale /
245 1 0 _aPsicología social experimental :
_bautonomía, diferenciación e integración /
_cWillem Doise, Jean Claude Deschamps, Gabriel Mugny ; prólogo Frederic Munné ; traducción Joan Farré i Miró
260 _aBarcelona :
_bHispano Europea,
_c1980.
300 _a475 p. ;
_c23 cm.
490 _aBiblioteca de ciencias sociales
590 _6Inventariado, 2022/VM
650 4 _aPsicología social
700 1 _aDeschamps, Jean Claude
700 1 _aMugny, Gabriel
700 1 _aMunné, Frederic
_eprólogo
700 1 _aFarré i Miró, Joan
_etraducción
910 _aVMateo
942 _2ddc
_cBK
999 _c12879
_d12879